000 00895nam a2200253 i 4500
001 bg
100 1 _aDZIURDA, Włodzimierz.
245 1 0 _aZbiór zadań z fizyki z rozwiązaniami :
_bpomoc dydaktyczna.
_nCz. 2,
_pElektrodynamika klasyczna, wstęp do mechaniki kwanowej /
_cWłodzimierz Dziurda, Teresa Stępień ; Politechnika Krakowska im. Tadeusza Kościuszki.
260 _aKraków :
_bPK,
_c2000.
300 _a215 s. :
_bil. ;
_c24 cm.
504 _aBibliogr.
650 9 _aElektrodynamika
650 9 _aMechanika kwantowa
655 _aĆwiczenia i zadania dla szkół wyższych
700 1 _aSTĘPIEŃ, Teresa.
710 0 _aPolitechnika Krakowska im. Tadeusza Kościuszki
020 _a8372420904 (cz. 2)
040 _cBPK
041 0 _apl
080 _a530.145:537.8(075.8)
920 _a83-7242-090-4 (cz. 2)
942 _cKS
008 s pl f |000 0 pol
999 _c37684
_d37684
856 _uhttp://koha.tu.koszalin.pl/cgi-bin/koha/opac-detail.pl?biblionumber=37684
_yKatalog online BPK